[Event "OLSW 2122 SK Gau-Algesheim - SK Altenki"]
[Site "?"]
[Date "2022.06.26"]
[Round "5.8"]
[White "Meng, Gunter"]
[Black "Weber, Konstantin"]
[Result "1-0"]
[WhiteElo "1958"]
[BlackElo "1976"]
[PlyCount "141"]
[EventDate "2022.??.??"]

1. d4 Nf6 2. Nf3 d6 3. Nc3 b6 4. Bg5 Bb7 5. Bxf6 gxf6 6. e3 Nd7 7. Bd3 Bg7 8.
Qe2 c5 9. Nh4 e6 10. Qg4 Bf8 11. Qg3 f5 12. Nf3 h5 13. h4 Nf6 14. Bb5+ Ke7 15.
O-O-O Bh6 16. dxc5 bxc5 17. Rd2 a6 18. Be2 d5 19. Ng5 Rg8 20. Rhd1 Qb8 21. Qf4
Bc8 22. Qa4 Bxg5 23. hxg5 Rxg5 24. g3 Rg8 25. Qa3 Qd6 26. Nb5 Qb6 27. Nd4 Ke8
28. Bb5+ Bd7 29. Bxd7+ Nxd7 30. Nxf5 exf5 31. Rxd5 Ra7 32. Qd3 Rb7 33. b3 c4
34. Qxc4 Rc7 35. Qd3 Qe6 36. Rxf5 Ke7 37. Rxh5 Rgc8 38. Rd2 Rc5 39. Rxc5 Rxc5
40. Qd4 Rc6 41. Qh4+ Qf6 42. Qe4+ Qe6 43. Qb4+ Ke8 44. Rd4 Rb6 45. Qa4 Qc6 46.
Re4+ Kd8 47. Qd4 Qf6 48. Rf4 Qxd4 49. exd4 Ke7 50. c4 Re6 51. Kd2 Nf6 52. f3
Nh5 53. Rg4 Rg6 54. Re4+ Kd7 55. g4 Ng7 56. d5 Ne8 57. Kd3 Nd6 58. Re3 Rh6 59.
c5 Nb5 60. a4 Nc7 61. Kc4 Rf6 62. d6 Rf4+ 63. Re4 Rxe4+ 64. fxe4 Ne6 65. b4 Nf4
66. b5 a5 67. e5 Kc8 68. c6 Kb8 69. b6 Kc8 70. d7+ Kd8 71. b7 1-0

[Event "OLSW 2122 SV Speyer Schwegenheim II - T"]
[Site "?"]
[Date "2022.06.26"]
[Round "5.1"]
[White "Mayer, Frank"]
[Black "Berend, Fred"]
[Result "1-0"]
[WhiteElo "2293"]
[BlackElo "2310"]
[PlyCount "115"]
[EventDate "2022.??.??"]

1. c4 Nf6 2. Nc3 e5 3. d3 Nc6 4. e4 Bc5 5. Be2 d6 6. Nf3 Ng4 7. O-O f5 8. Bg5
Nf6 9. exf5 Bxf5 10. Nh4 Be6 11. Bh5+ Kd7 12. Ne4 Qf8 13. Nxc5+ dxc5 14. Bf3
Qd6 15. Re1 Rhe8 16. Bd2 a6 17. Qa4 Bg4 18. Bc3 Re6 19. Bxg4 Nxg4 20. Nf3 Rae8
21. h3 Nf6 22. Re3 Kc8 23. Rae1 h6 24. Qd1 g5 25. Nd2 Qf8 26. Ne4 Nd7 27. Qh5
Qg7 28. Rf3 R8e7 29. Qg4 Nd4 30. Bxd4 exd4 31. Rg3 Qf7 32. Rf3 Qg6 33. Rd1 b6
34. Rf5 Kb7 35. f4 Ka7 36. Rf1 Rxe4 37. dxe4 Rxe4 38. Rxg5 hxg5 39. Qxd7 Kb7
40. Qd5+ Qc6 41. fxg5 Qxd5 42. cxd5 d3 43. Kh2 c4 44. g6 Re8 45. h4 b5 46. h5
b4 47. Rd1 Rg8 48. g4 Kc8 49. g5 Kd7 50. h6 Ke7 51. g7 Kf7 52. h7 Kxg7 53.
hxg8=Q+ Kxg8 54. Kg3 Kg7 55. Kf4 Kg6 56. Ke4 c3 57. bxc3 bxc3 58. Kxd3 1-0

[Event "OLSW 2122 SV Speyer Schwegenheim II - T"]
[Site "?"]
[Date "2022.06.26"]
[Round "5.2"]
[White "Berend, Elvira"]
[Black "Klein, Joachim"]
[Result "1-0"]
[WhiteElo "2325"]
[BlackElo "2204"]
[PlyCount "76"]
[EventDate "2022.??.??"]

1. d4 Nf6 2. c4 e6 3. Nc3 Bb4 4. Bd2 d5 5. e3 c5 6. cxd5 exd5 7. Nf3 cxd4 8.
Qa4+ Nc6 9. Nxd4 Qd6 10. a3 Bc5 11. Ncb5 Qe7 12. Nxc6 bxc6 13. Nd4 O-O 14. Bd3
Bd7 15. O-O Bd6 16. Qc2 Qe5 17. f4 Qh5 18. Nf5 Bxf5 19. Bxf5 Rfe8 20. Rf3 g6
21. Rg3 c5 22. Rf1 Rad8 23. Ba5 Rb8 24. Bc3 d4 25. exd4 Nd5 26. Bg4 Qh4 27. Bd2
cxd4 28. Qc6 Nf6 29. Qxd6 Nxg4 30. Rh3 Qd8 31. Qxd8 Rbxd8 32. Rd3 h5 33. g3 Ne3
34. Re1 Nf5 35. Rxe8+ Rxe8 36. Kf2 Rb8 37. b3 f6 38. h3 Kf7 1-0

[Event "OLSW 2122 SV Speyer Schwegenheim II - T"]
[Site "?"]
[Date "2022.06.26"]
[Round "5.3"]
[White "Kuhn, Patrick"]
[Black "Commercon, Simon"]
[Result "1/2-1/2"]
[WhiteElo "2071"]
[BlackElo "2234"]
[PlyCount "117"]
[EventDate "2022.??.??"]

1. c4 b6 2. Nc3 e6 3. e4 Bb4 4. Nge2 Bb7 5. g3 f5 6. Bg2 Nf6 7. a3 Bxc3 8. Nxc3
Nxe4 9. Nxe4 Bxe4 10. Bxe4 fxe4 11. Qh5+ g6 12. Qe5 O-O 13. Qxe4 Qf6 14. O-O
Nc6 15. d3 Qf3 16. Be3 e5 17. Rfd1 Rae8 18. Rd2 Na5 19. Qxf3 Rxf3 20. Re1 Nb3
21. Rde2 d6 22. Kg2 Ref8 23. h4 h5 24. Rd1 c5 25. Rc2 R8f7 26. Rc3 Nd4 27. Bxd4
cxd4 28. Rc2 Kf8 29. b4 Ke7 30. Rdd2 R3f6 31. a4 Kd7 32. Ra2 Kc6 33. a5 d5 34.
b5+ Kc5 35. cxd5 Kxd5 36. Rdc2 bxa5 37. Rxa5 Rb6 38. Rc8 Rfb7 39. Ra8 Rxb5 40.
R8xa7 Ke6 41. Rxb7 Rxb7 42. Ra2 Rb3 43. Rd2 Kf5 44. f3 Rb1 45. Kf2 Rh1 46. Kg2
Re1 47. Kf2 Re3 48. Kg2 Ke6 49. Kf2 Kd5 50. Rd1 Kc5 51. f4 exf4 52. gxf4 Rh3
53. Rc1+ Kb5 54. Rb1+ Ka5 55. Rg1 Rxh4 56. Kf3 Kb4 57. Rc1 Kb3 58. Rc4 Rg4 59.
Rxd4 1/2-1/2

[Event "OLSW 2122 SV Speyer Schwegenheim II - T"]
[Site "?"]
[Date "2022.06.26"]
[Round "5.4"]
[White "Flierl, Pascal"]
[Black "Biehler, Thomas"]
[Result "1/2-1/2"]
[WhiteElo "2187"]
[BlackElo "2248"]
[PlyCount "73"]
[EventDate "2022.??.??"]

1. e4 c5 2. Nc3 Nc6 3. f4 e6 4. Nf3 d5 5. Bb5 Nf6 6. exd5 exd5 7. O-O Be7 8.
Ne5 Qd6 9. Re1 O-O 10. Bxc6 bxc6 11. b3 c4 12. bxc4 dxc4 13. Qf3 Bf5 14. Kh1
Bxc2 15. Nxc6 Rae8 16. Nb5 Bd8 17. Ba3 Qxd2 18. Bb4 Qd7 19. Bxf8 Be4 20. Rxe4
Nxe4 21. Ne5 Qxb5 22. Qxe4 Rxf8 23. Rb1 Qa4 24. Qxc4 Qxc4 25. Nxc4 Bc7 26. g3
g6 27. Rb7 Rc8 28. Rxa7 Bxf4 29. Ra4 Bb8 30. Kg2 Kg7 31. Kf3 h5 32. Ke4 h4 33.
Kf3 Rh8 34. Ra8 f5 35. a4 g5 36. Ne3 g4+ 37. Nxg4 1/2-1/2

[Event "OLSW 2122 SV Speyer Schwegenheim II - T"]
[Site "?"]
[Date "2022.06.26"]
[Round "5.5"]
[White "Giese, Tilman"]
[Black "Theel, Thomas"]
[Result "1-0"]
[WhiteElo "2000"]
[BlackElo "2140"]
[PlyCount "121"]
[EventDate "2022.??.??"]

1. Nf3 Nf6 2. g3 d6 3. Bg2 e5 4. d3 c6 5. c4 Be7 6. O-O O-O 7. c5 Nbd7 8. cxd6
Bxd6 9. Nc3 Re8 10. a3 a5 11. Rb1 Qe7 12. Qc2 h6 13. Bd2 Nb6 14. Rfd1 Bf5 15.
e4 Bg4 16. h3 Bxf3 17. Bxf3 Nbd7 18. Ne2 c5 19. Nc3 Nf8 20. Nb5 Ne6 21. Kg2 Nd4
22. Nxd4 cxd4 23. Rdc1 Qd7 24. Bd1 a4 25. Qc4 Rec8 26. Qa2 Qb5 27. Rc4 Rxc4 28.
dxc4 Qc6 29. f3 Nxe4 30. fxe4 Qxe4+ 31. Kh2 Qd3 32. b4 e4 33. Be1 Re8 34. c5
Bc7 35. Bh5 Re7 36. Rd1 Qe3 37. Qd2 Qxd2+ 38. Rxd2 Be5 39. Kg2 g6 40. Bd1 f5
41. Bxa4 g5 42. Rd1 f4 43. b5 Kg7 44. Bb3 d3 45. Bd5 f3+ 46. Kf1 Bd4 47. Bxe4
Rxe4 48. Bf2 Bxf2 49. Kxf2 Rc4 50. Rxd3 Rxc5 51. Rd7+ Kf6 52. Rxb7 Rc3 53. a4
Ke5 54. Re7+ Kd4 55. b6 Rb3 56. b7 Kc5 57. Re5+ Kc6 58. Rb5 Rxb5 59. axb5+ Kxb7
60. Kxf3 Kb6 61. Kg4 1-0

[Event "OLSW 2122 SV Speyer Schwegenheim II - T"]
[Site "?"]
[Date "2022.06.26"]
[Round "5.6"]
[White "Hauck, Heiko"]
[Black "Feidt, Jonas"]
[Result "1-0"]
[WhiteElo "2072"]
[BlackElo "1882"]
[PlyCount "49"]
[EventDate "2022.??.??"]

1. e4 c6 2. d4 d5 3. f3 dxe4 4. fxe4 e5 5. Nf3 Bg4 6. Bc4 Nd7 7. O-O Ngf6 8. c3
Bh5 9. Bg5 Be7 10. Nbd2 O-O 11. Qe1 Qc7 12. Nh4 h6 13. Bxh6 gxh6 14. Nf5 Kh7
15. Nxe7 Rae8 16. Nf5 exd4 17. cxd4 Rg8 18. e5 Nd5 19. Qh4 Rg5 20. Ne4 Reg8 21.
Nxg5+ Rxg5 22. Bd3 Nb4 23. Be4 Qd8 24. h3 a6 25. g4 1-0

[Event "OLSW 2122 SK Landau - SK Frankenthal"]
[Site "?"]
[Date "2022.06.26"]
[Round "5.2"]
[White "Silber, Henning"]
[Black "Fulea, Dan"]
[Result "1/2-1/2"]
[WhiteElo "2284"]
[BlackElo "2205"]
[PlyCount "21"]
[EventDate "2022.??.??"]

1. e4 c5 2. c3 e6 3. d4 d5 4. exd5 exd5 5. Nf3 Nc6 6. Bb5 Bd6 7. O-O Nge7 8.
dxc5 Bxc5 9. Nbd2 O-O 10. Nb3 Bb6 11. Re1 1/2-1/2

[Event "OLSW 2122 SK Landau - SK Frankenthal"]
[Site "?"]
[Date "2022.06.26"]
[Round "5.3"]
[White "Syska, Albert"]
[Black "Vogel, Johannes"]
[Result "0-1"]
[WhiteElo "2176"]
[BlackElo "2187"]
[PlyCount "104"]
[EventDate "2022.??.??"]

1. e4 e5 2. Nf3 Nc6 3. Bb5 a6 4. Ba4 Nf6 5. d3 b5 6. Bb3 Bc5 7. O-O d6 8. c3
Bb6 9. h3 h6 10. d4 Bb7 11. Re1 g5 12. Bd5 Nxd5 13. exd5 Ne7 14. dxe5 Bxd5 15.
Nd4 O-O 16. Qh5 Bxd4 17. cxd4 Nf5 18. Nc3 Bb7 19. e6 Qf6 20. d5 Ng7 21. Qg4
fxe6 22. Ne4 Qf5 23. dxe6 Bxe4 24. Rxe4 Qxg4 25. hxg4 Rae8 26. a4 Rxe6 27. Rxe6
Nxe6 28. axb5 axb5 29. Ra7 Rb8 30. g3 Rb6 31. Be3 Rc6 32. Rb7 d5 33. Rxb5 d4
34. Bd2 Rc2 35. Ba5 c6 36. Rb7 Nc5 37. Rb8+ Kf7 38. Rd8 Ne6 39. Rd7+ Ke8 40.
Rh7 Rxb2 41. Rxh6 Kd7 42. Rh7+ Kd6 43. f4 Ra2 44. Bb6 d3 45. Be3 Re2 46. Ba7 d2
47. Bb8+ Kc5 48. Rd7 Re1+ 49. Kf2 d1=Q 50. Ba7+ Kc4 51. Rxd1 Rxd1 52. f5 Nd8
0-1

[Event "OLSW 2122 SK Landau - SK Frankenthal"]
[Site "?"]
[Date "2022.06.26"]
[Round "5.4"]
[White "Lang, Matthias"]
[Black "Geyer, Bernhard"]
[Result "0-1"]
[WhiteElo "2161"]
[BlackElo "2152"]
[PlyCount "76"]
[EventDate "2022.??.??"]

1. d4 Nf6 2. Nf3 d5 3. Bg5 c6 4. c3 Nbd7 5. Nbd2 g6 6. e3 Bg7 7. Bd3 O-O 8. O-O
h6 9. Bh4 c5 10. h3 b6 11. Ne5 Nxe5 12. dxe5 Nh7 13. f4 Qc7 14. Qe2 Bf5 15. e4
dxe4 16. Bc4 Rad8 17. Rad1 g5 18. fxg5 Qxe5 19. Qe3 hxg5 20. Bg3 Qf6 21. Bc7
Rc8 22. g4 Rxc7 23. Rxf5 Qg6 24. Nxe4 e6 25. Rf2 Kh8 26. Ng3 Nf6 27. Bd3 Qh6
28. Ne4 Nxe4 29. Bxe4 Be5 30. Kg2 Bf4 31. Qf3 f5 32. Bc2 Qh4 33. Re2 Rh7 34.
Rxe6 fxg4 35. Qxg4 Qxg4+ 36. hxg4 Rh2+ 37. Kf3 Rxc2 38. Rd7 Rh2 0-1

[Event "OLSW 2122 SK Landau - SK Frankenthal"]
[Site "?"]
[Date "2022.06.26"]
[Round "5.5"]
[White "Huseynov, Ahad"]
[Black "Bold, Andre"]
[Result "0-1"]
[WhiteElo "2110"]
[BlackElo "2177"]
[PlyCount "96"]
[EventDate "2022.??.??"]

1. e4 c5 2. Nf3 Nc6 3. c4 e5 4. g3 d6 5. Bg2 Be7 6. d3 h5 7. h4 Bg4 8. Be3 Nf6
9. Qd2 a6 10. Ng5 b5 11. Nc3 Rb8 12. Nd5 Nxd5 13. exd5 Nd4 14. f3 Bf5 15. Rc1
bxc4 16. dxc4 Qb6 17. b3 a5 18. O-O Bxg5 19. Bxg5 O-O 20. Be3 a4 21. bxa4 Qb4
22. Rf2 Qxa4 23. f4 Bg4 24. fxe5 dxe5 25. Qd3 Rb6 26. Rcf1 f5 27. Bg5 Re8 28.
d6 Rxd6 29. Bd5+ Kh8 30. Qe3 Qd7 31. Rb1 Rxd5 32. cxd5 Qxd5 33. Rfb2 Ra8 34.
Bf6 f4 35. gxf4 gxf6 36. fxe5 Nf5 37. Qf4 fxe5 38. Qg5 Qd4+ 39. Kh2 Qd6 40. Rd2
Nd4 41. Rf1 e4+ 42. Kg2 Ra3 43. Rf4 Rf3 44. Rf2 Qxf4 45. Qxf4 Rxf4 46. Rxf4 e3
47. a4 e2 48. Kf2 Nc2 0-1

[Event "OLSW 2122 SK Landau - SK Frankenthal"]
[Site "?"]
[Date "2022.06.26"]
[Round "5.6"]
[White "Huenerfauth, Uwe"]
[Black "Halabi, Ibrahim"]
[Result "1-0"]
[WhiteElo "2109"]
[BlackElo "1981"]
[PlyCount "113"]
[EventDate "2022.??.??"]

1. e4 c5 2. Nc3 Nc6 3. f4 g6 4. Nf3 Bg7 5. Bc4 e6 6. f5 Nge7 7. fxe6 fxe6 8.
O-O O-O 9. d3 d5 10. Bb3 h6 11. Qe1 Nd4 12. Qh4 Nxb3 13. axb3 d4 14. Ne2 Nc6
15. Bg5 Qc7 16. Bxh6 e5 17. Bd2 Bf6 18. Bg5 Bg7 19. Bd2 Bf6 20. Qg3 Qg7 21. h3
Bd7 22. Nh2 Nb4 23. c3 Nc6 24. Ng4 Bxg4 25. Qxg4 Rad8 26. Rf3 Rd6 27. c4 Be7
28. Rxf8+ Bxf8 29. Rf1 Rf6 30. Rxf6 Qxf6 31. Qc8 Qg7 32. Kh2 Nb4 33. Qe6+ Kh7
34. Bxb4 cxb4 35. Ng1 Be7 36. Nf3 Qf6 37. Qxf6 Bxf6 38. Kg3 Kh6 39. Kg4 a6 40.
h4 a5 41. h5 b6 42. hxg6 Kxg6 43. g3 Bg7 44. Nh4+ Kf6 45. Kh5 Bf8 46. g4 a4 47.
bxa4 b3 48. Nf3 Bb4 49. g5+ Kg7 50. g6 Bc3 51. a5 bxa5 52. c5 a4 53. c6 Ba5 54.
Nd2 a3 55. bxa3 b2 56. Nb1 Bc7 57. Kg5 1-0

[Event "OLSW 2122 SK Landau - SK Frankenthal"]
[Site "?"]
[Date "2022.06.26"]
[Round "5.7"]
[White "Louis, Volker"]
[Black "Wolfer, Joshua"]
[Result "1/2-1/2"]
[WhiteElo "2057"]
[BlackElo "1972"]
[PlyCount "95"]
[EventDate "2022.??.??"]

1. d4 Nf6 2. c4 e6 3. Nc3 Bb4 4. Qc2 d6 5. Nf3 Nbd7 6. Bd2 O-O 7. a3 Bxc3 8.
Bxc3 Qe7 9. e4 e5 10. dxe5 dxe5 11. Be2 b6 12. O-O Bb7 13. Bd3 Nh5 14. Be2 Nf4
15. Rfe1 Qe6 16. Bf1 f6 17. c5 Qg4 18. b4 Kh8 19. Re3 bxc5 20. b5 Bxe4 21. Qb2
Nb6 22. Nxe5 fxe5 23. f3 Nh3+ 24. Kh1 Rxf3 25. Rxe4 Rxf1+ 26. Rxf1 Qxe4 27. Re1
Nc4 28. Rxe4 Nxb2 29. gxh3 Nd3 30. Kg2 Kg8 31. Re3 Nf4+ 32. Kf3 Nd5 33. Rd3
Nxc3 34. Rxc3 Re8 35. Ke4 Kf7 36. Rxc5 Re7 37. Rc6 Ke8 38. Ra6 Kd7 39. Rxa7 Kd6
40. a4 Kc5 41. Rb7 Rd7 42. a5 Rd2 43. a6 Re2+ 44. Kf3 Rxh2 45. Kg3 Ra2 46. a7
Kd6 47. Kf3 g6 48. Ke4 1/2-1/2

[Event "OLSW 2122 SK Landau - SK Frankenthal"]
[Site "?"]
[Date "2022.06.26"]
[Round "5.8"]
[White "Kuhn, Daniel"]
[Black "Prestel, Oliver"]
[Result "0-1"]
[WhiteElo "1877"]
[BlackElo "2070"]
[PlyCount "48"]
[EventDate "2022.??.??"]

1. e4 e5 2. f4 exf4 3. Nf3 g5 4. Nc3 Bg7 5. d4 Nc6 6. g3 d6 7. gxf4 g4 8. Be3
gxf3 9. Qd2 Nf6 10. O-O-O d5 11. Rg1 Rg8 12. e5 Ng4 13. Bd3 Nb4 14. f5 Nxd3+
15. Qxd3 Nxe3 16. Qxe3 Bxf5 17. Qxf3 Be6 18. Qh5 Qe7 19. Qxh7 Qf8 20. Kb1 O-O-O
21. h4 Bh8 22. h5 f6 23. Rgf1 f5 24. Ne2 Rd7 0-1